MARC

LEADER 00000nam0a2200000 4500
001 163173
005 20231101222358.0
020 |a RU  |b 80-53884 
035 |a (RuTPU)RU\TPU\book\177009 
090 |a 163173 
100 |a 20090721d1980 k a0rusy5003 ca 
101 0 |a rus 
102 |a UA 
105 |a a z 001zy 
200 1 |a Хрупкость металлов при низких температурах  |f А. Я. Красовский 
210 |a Киев  |c Наукова думка  |d 1980 
215 |a 337 с.  |c ил. 
225 1 |a Наука и технический прогресс 
606 |a Металлы  |x Хладноломкость  |2 stltpush  |3 (RuTPU)RU\TPU\subj\43243  |9 62792 
610 1 |a хладноломкость 
610 1 |a хрупкость 
610 1 |a низкие температуры 
675 |a 669:539.5  |z rus 
700 1 |a Красовский  |b А. Я.  |g Арнольд Янович  |4 070 
801 0 |a RU  |b RuMRKP  |c 19950704  |g psbo 
801 1 |a RU  |b 63413507  |c 20090721  |g PSBO 
801 2 |a RU  |b 63413507  |c 20180613  |g PSBO 
942 |c BK